000 00539nam a2200193Ia 4500
003 GCL
008 140319s9999 xx 000 0 eng d
040 _aGCL /
_cGCL
082 0 4 _a370.952
_bW J
100 1 _aWHITE, MERRY
245 1 0 _aTHE JAPANESE EDUCATIONAL CHALLENGE: A COMMITMENT TO CHILDREN /
_cWHITE, MERRY
260 _a[S.N] :
_bKODANSHA INTERNATIONAL ،
_c1987
300 _a320 P
650 0 4 _aEDUCATION
650 0 4 _aCHILDREN - EDUCATION
650 0 4 _aJAPAN - EDUCATION
650 0 4 _aJAPAN - CHILDREN
942 _2ddc
_cBK
999 _c11895
_d11895